| 000 | 00629nam a22001937a 4500 | ||
|---|---|---|---|
| 005 | 20241010163928.0 | ||
| 010 | _aENG-142076 | ||
| 020 |
_c995.00 _a9789393662101 |
||
| 035 | _aEN-125608 | ||
| 037 | _bDBAD | ||
| 082 | _a339.310954 | ||
| 100 |
_aPramanik, Priyabrata _972617 |
||
| 245 |
_aHow to Reach $ 8 Trillion: _bA Practical Approach/ _cBy Priyabrata Pramanik [and] Syamali Bhadra |
||
| 260 |
_c2023 _bAcademic Publishers _aKolkatta |
||
| 270 |
_a5A Bhawani Dutta Lane _bKolkatta _e700073 |
||
| 300 |
_a118p _c25cm(hb) |
||
| 700 |
_aBhadra, Syamali _eAuthor _972618 |
||
| 942 |
_2ddc _cEN _h339.310954 _mPRA |
||
| 999 |
_c206281 _d206281 |
||